00470nam a2200193 a 4500001001300000003000900013005001700022008004100039020000900080082001500089100002000104245002600124260002700150300000900177500003500186505001000221650002500231700002000256nice12345678IN_TiNIC20260116012402.0050524s1990 bana grp 000 0 eng  ac4000a181.4bTHO aThompson, Frank aNew Look at Aurobindo aBangalorebCISRSc1990 a106p aincludes index and biblioraphy2 aIndex aPhilosophy-Aurobindo1 aThompson, Frank